Word Ladder: Steven Seagal Movie Quiz Stats

 Plays Quiz Updated Aug 13, 2016

Challenge
Share
Tweet
Embed
Score 0/22 Timer 02:00
0 Plays Today
Hint 4-Letter Words % Correct
Opposite of upDOWN
98.3%
DaybreakDAWN
97.5%
A weak piece in chessPAWN
97.3%
Populated area smaller than a cityTOWN
97.1%
Payment demanded for the use of some roads TOLL
96.4%
Hammer; saw; fileTOOL
95.9%
An animated characterTOON
94.4%
Thin slab of clay used to cover floors, etc.TILE
93.1%
Told; utteredSAID
92.1%
A large oceangoing vesselSHIP
92%
Collection of papers arranged in orderFILE
91.9%
Hint 4-Letter Words % Correct
To exhibit or displaySHOW
91.3%
A storeSHOP
91.2%
With below average speedSLOW
91.1%
Hurt or anguishPAIN
90.3%
A lady's undergarmentSLIP
89.6%
Went down a snow-covered hillSLID
89.5%
An order to shootFIRE
89.1%
Enameled or lacquered metalwareTOLE
88.1%
PrimaryMAIN
84.7%
A domesticMAID
84.4%
A sudden stroke with a fistB'LOW
69.2%

Today's Daily Dose

Missing Word
Directed by David

Word Ladder
The Jungle Book

On This Day
July 17th II

You're not logged in!

Compare scores with friends on all Sporcle quizzes.
Join for Free
OR
Log In

You Might Also Like...

Show Comments

Extras

Top Quizzes Today


Score Distribution

Your Account Isn't Verified!

In order to create a playlist on Sporcle, you need to verify the email address you used during registration. Go to your Sporcle Settings to finish the process.

Report this User

Report this user for behavior that violates our Community Guidelines.

Details: